| 000 | 02711nam0a2200373 4500 | ||
|---|---|---|---|
| 001 | RU\NLR\BIBL_A\022289350 | ||
| 005 | 20260420013105.0 | ||
| 010 |
_a978-5-0054-2383-2 _952 |
||
| 021 |
_aRU _bКН-П-24-036348 _9КН-П-24-3644 |
||
| 035 | _a(NLR Aleph) 022289350 | ||
| 090 |
_a13662130 _c13662130 |
||
| 100 | _a20240805d2024 u y0rusy50 ca | ||
| 101 | 0 | _arus | |
| 102 | _aRU | ||
| 105 | _aa j 000yy | ||
| 181 | 0 |
_ai3 _baxxe |
|
| 182 | 0 | _an | |
| 200 | 1 |
_aВыполнение монтажа и сборки средней сложности и сложных узлов, блоков, приборов радиоэлектронной аппаратуры, аппаратуры проводной связи, элементов узлов импульсной и вычислительной техники _eучебник _eдля использования в учебном процессе образовательных организаций, реализующих программы СПО по профессии "Монтажник радиоэлектронной аппаратуры и приборов", а также по специальностям "Техническое обслуживание и ремонт радиоэлектронной техники" и "Монтаж, техническое обслуживание и ремонт электронных приборов и устройств" _fВ. П. Петров |
|
| 203 |
_aТекст _bвизуальный _cнепосредственный |
||
| 205 | _a5-е изд., стер. | ||
| 210 |
_aМосква _cАкадемия _d2024 |
||
| 215 |
_a269, [2] с. _cил., цв. ил., табл. _d22 |
||
| 225 | 1 |
_aПрофессиональное образование _iПрофессиональный модуль |
|
| 313 | _aПо пред.изд. 2021г. | ||
| 320 | _aБиблиогр.: с. 265-266 (38 назв.) | ||
| 333 | _a12+ | ||
| 606 | 1 |
_aРадиоэлектронная аппаратура _jУчебники для среднего профессионального образования _xМонтаж _92029777 _3RU\NLR\AUTH\66934903 |
|
| 606 | 1 |
_aРадиоэлектронная аппаратура _jУчебники для среднего профессионального образования _xСборка _91515398 _3RU\NLR\AUTH\66960160 |
|
| 686 | 1 | _aЗ844-060.8я723-1 | |
| 700 | 1 |
_aПетров _bВ. П. _cпедагог, монтаж РЭА _gВладимир Петрович _9136035 _3RU\NLR\AUTH\770136070 |
|
| 942 | _cBOOK | ||
| 980 | _aNB | ||